<?xml version="1.0" encoding="UTF-8"?>
<record
    xmlns:xsi="http://www.w3.org/2001/XMLSchema-instance"
    xsi:schemaLocation="http://www.loc.gov/MARC21/slim http://www.loc.gov/standards/marcxml/schema/MARC21slim.xsd"
    xmlns="http://www.loc.gov/MARC21/slim">

  <leader>00863nam a2200157   4500</leader>
  <controlfield tag="001">14050</controlfield>
  <controlfield tag="005">20260326112737.0</controlfield>
  <datafield tag="010" ind1=" " ind2=" ">
    <subfield code="a">9782847053258</subfield>
  </datafield>
  <datafield tag="090" ind1=" " ind2=" ">
    <subfield code="a">14050</subfield>
  </datafield>
  <datafield tag="099" ind1=" " ind2=" ">
    <subfield code="o">0</subfield>
  </datafield>
  <datafield tag="100" ind1=" " ind2=" ">
    <subfield code="a">20260326d        u||y0frey50      ba</subfield>
  </datafield>
  <datafield tag="200" ind1=" " ind2=" ">
    <subfield code="a">Terrier</subfield>
    <subfield code="b">LIVR</subfield>
  </datafield>
  <datafield tag="323" ind1=" " ind2=" ">
    <subfield code="a">3 personnages</subfield>
  </datafield>
  <datafield tag="330" ind1=" " ind2=" ">
    <subfield code="a">Trois animaux, un blaireau, une chouette effraie et une musaraigne aquatique se r&#xE9;fugient dans un terrier. Plong&#xE9;s dans l&#x2019;obscurit&#xE9;, ils se sentent, ils se devinent, ils s&#x2019;entendent. Jusqu&#x2019;&#xE0; ce que le monde d&#x2019;en haut les oblige &#xE0; cohabiter. Fable r&#xE9;solument &#xE9;cologique, /T(e)r:::r/ie:::r est une histoire qui bruisse, zieute, fourrage, sniffe, chuinte, et propose, &#xE0; travers une partition po&#xE9;tique ludique, sonore et imag&#xE9;e, de raconter des vies animales qui se respirent si proches de nous&#x2026; </subfield>
  </datafield>
  <datafield tag="610" ind1=" " ind2=" ">
    <subfield code="a">Vivant</subfield>
    <subfield code="a">nature</subfield>
    <subfield code="a">&#xE9;cologie</subfield>
  </datafield>
  <datafield tag="700" ind1=" " ind2=" ">
    <subfield code="a">Soublin</subfield>
    <subfield code="b">Gwendoline</subfield>
  </datafield>
  <datafield tag="995" ind1=" " ind2=" ">
    <subfield code="2">0</subfield>
    <subfield code="5">2026-03-26</subfield>
    <subfield code="9">13941</subfield>
    <subfield code="c">JOL</subfield>
    <subfield code="f">JOL-007750</subfield>
    <subfield code="k">TH JP SOU 3</subfield>
    <subfield code="o">0</subfield>
    <subfield code="b">JOL</subfield>
    <subfield code="r">LIVR</subfield>
  </datafield>
</record>
